| 000 | 01388cam a22003858a 4500 | ||
|---|---|---|---|
| 999 |
_c13019 _d13019 |
||
| 001 | 14881607 | ||
| 003 | EG-ScBUE | ||
| 005 | 20191218100251.0 | ||
| 006 | m||||fq||h ||||||| | ||
| 008 | 070606s2007 enk | 00| 0 eng d | ||
| 020 | _a9780194416252 | ||
| 020 | _a9780194416245 | ||
| 040 |
_aDLC _beng _erda _cDLC _dDLC _dEG-ScBUE |
||
| 082 | 0 | 4 |
_a428.24 _bBUR _222 |
| 100 | 1 |
_aBurgmeier, Arline, _d1936- _eauthor. _99815 |
|
| 245 | 1 | 0 |
_aInside reading. _n1, _pThe academic word list in context / _cby Arline Burgmeier ; series director Cheryl Boyd Zimmerman. |
| 246 | 3 | 0 | _aAcademic word list in context |
| 250 | _aSpecial edition. | ||
| 264 | 1 |
_aNew York, NY ; _aOxford, UK : _bOxford University Press, _c2009. |
|
| 300 |
_axii, 144 pages ; _c25 cm + _e1 CD |
||
| 336 |
_2rdacontent _atext _btxt |
||
| 336 |
_2rdacontent _aspoken word _bspw |
||
| 337 |
_2rdamedia _aunmediated _bn |
||
| 337 |
_2rdamedia _aaudio _bs |
||
| 338 |
_2rdacarrier _avolume _bnc |
||
| 338 |
_2rdacarrier _acomputer disc _bcd |
||
| 590 | _aeman | ||
| 650 | 7 |
_aEnglish language _vTextbooks for foreign speakers. _2BUEsh _99816 |
|
| 650 | 7 |
_aVocabulary. _2BUEsh _99817 |
|
| 653 |
_bHHUUEENN _cDecember2019 |
||
| 655 | _vReading book | ||
| 856 | 4 | 1 |
_3Table of contents only _uhttp://www.loc.gov/catdir/toc/ecip0719/2007023406.html |
| 942 |
_2ddc _cBB |
||